00403nam a2200145Ia 4500008004100000020001800041041000800059082001600067100002100083245006800104250000600172260004500178300001700223650001700240210716s2014 xx 000 0 und d a9788184873443 aeng a660.63 BHAA aBhaskar, Anusha. aBiochemical methods: a practical approach.bPractical approach. a1 aNew DelhibNarosa Publishing Housec2014 axii,13.9,I.2 aBiochemistry